000 00402nam a2200169Ia 4500
008 230524s9999 xx 000 0 und d
020 _a97881770003
082 _a620.3222
_bSIN
100 _aV.P.Singh
245 0 _aMechanical Vibrations
250 _a3
260 _aNew Delhi
_bDhanpat Rai & Co
_c2013
300 _a484p;
500 _aQuantity Number: 70
650 _aMechanics
942 _cBK
999 _c53622
_d53622